[Event "BLR-ch U20 Girls"]
[Site "Minsk"]
[Date "2009.08.13"]
[Round "4"]
[White "Bogdan, Ekaterina"]
[Black "Ziaziulkina, Nastassia"]
[Result "0-1"]
[WhiteElo "1943"]
[BlackElo "2101"]
[PlyCount "102"]
[EventDate "2009.08.10"]
[EventType "tourn"]
[EventRounds "9"]
[EventCountry "BLR"]
[SourceTitle "CBM 132 Extra"]
[Source "ChessBase"]
[SourceDate "2009.11.03"]
[SourceVersion "1"]
[SourceVersionDate "2009.11.03"]
[SourceQuality "1"]

1. e4 c5 2. c4 Nc6 3. Nc3 g6 4. g3 Bg7 5. Bg2 Nf6 6. Nge2 0-0 7. 0-0 Ne8 8. f4 Nc7 9. d3 Ne6 10. h3 Ned4 11. Kh2 d6 12. Rb1 Rb8 13. g4 e6 14. Ng3 f5 15. g5 a6 16. b3 b5 17. Bb2 b4 18. Nce2 e5 19. exf5 exf4 20. Nxf4 Qxg5 21. Ne4 Qxf5 22. Nxd6 Qe5 23. Bd5+ Kh8 24. Nf7+ Rxf7 25. Bxf7 g5 26. Bc1 Qc7 27. Qh5 gxf4 28. Bxf4 Be5 29. Qh6 Bf5 30. Bxe5+ Qxe5+ 31. Qf4 Bxd3 32. Rbe1 Qxf4+ 33. Rxf4 Rf8 34. Re8 Rxe8 35. Bxe8 Ne5 36. Rf6 Kg7 37. Rxa6 Bb1 38. Ra5 Nd3 39. Kg3 Ne2+ 40. Kf3 Nec1 41. Ba4 Nxa2 42. Kg4 Kf6 43. Ra8 Nac1 44. Rd8 Bc2 45. Rd5 Ne2 46. Kf3 Nc3 47. Rd8 Nxa4 48. bxa4 b3 49. a5 b2 50. Rb8 Nb4 51. a6 b1Q 0-1